[Event "III Festival A"]
[Site "San Martino di Castrozza - Siror ITA"]
[Date "2002.07.03"]
[Round "3"]
[White "Fragni, Enrico"]
[Black "Lotti, Fabio"]
[Result "1/2-1/2"]
[WhiteElo "1711"]
[BlackElo "2045"]
[PlyCount "120"]
[EventDate "2002.07.01"]

1. d4 d5 2. Nf3 Nf6 3. Nbd2 e6 4. e3 c5 5. c3 cxd4 6. exd4 Be7 7. Bd3 Nbd7 8.
O-O O-O 9. Re1 a6 10. Ne5 Nxe5 11. Rxe5 Nd7 12. Rh5 g6 13. Rh3 e5 14. dxe5 Nxe5
15. Re3 Nxd3 16. Rxd3 Bf5 17. Re3 Bg5 18. Re1 d4 19. cxd4 Qxd4 20. Nb3 Qxd1 21.
Rxd1 Bf6 22. Nd4 Rfd8 23. Be3 Be4 24. Rd2 Bd5 25. b3 Bc6 26. Rad1 Be8 27. Ne2
Rxd2 28. Rxd2 Rc8 29. f3 Kg7 30. Bd4 h5 31. Kf2 Bxd4+ 32. Nxd4 Kf6 33. Ke3 g5
34. h3 Rc1 35. Ne2 Rc7 36. Rd6+ Ke5 37. Rd2 f5 38. g3 Re7 39. f4+ Kf6+ 40. Kf2
Rd7 41. fxg5+ Kxg5 42. Nd4 Kf6 43. Ke3 Re7+ 44. Kf4 Re4+ 45. Kf3 Re7 46. Re2
Rxe2 47. Kxe2 a5 48. Ke3 Ke5 49. Nf3+ Kf6 50. Kf4 b5 51. Nd4 b4 52. Nxf5 a4 53.
Nd6 Bc6 54. Nc4 axb3 55. axb3 Bd5 56. Nd2 Be6 57. g4 hxg4 58. hxg4 Kg6 59. g5
Bd5 60. Ke5 Bxb3 1/2-1/2

[Event "III Festival A"]
[Site "San Martino di Castrozza - Siror ITA"]
[Date "2002.07.03"]
[Round "3"]
[White "Giuriato, Sergio"]
[Black "Vita, Fabrizio"]
[Result "1-0"]
[WhiteElo "1788"]
[BlackElo "2069"]
[PlyCount "33"]
[EventDate "2002.07.01"]

1. d4 Nf6 2. c4 c5 3. e3 g6 4. Nf3 Bg7 5. Nc3 O-O 6. Be2 d5 7. cxd5 Nxd5 8. Bd2
cxd4 9. Nxd4 e5 10. Nf3 Nc6 11. Nxd5 Qxd5 12. Bc3 Be6 13. O-O Rfd8 14. Qxd5
Bxd5 15. Rfd1 f6 16. Rxd5 Rxd5 17. Bc4 1-0

[Event "III Festival A"]
[Site "San Martino di Castrozza - Siror ITA"]
[Date "2002.07.03"]
[Round "3"]
[White "Gosio, Denis"]
[Black "Kasparov, Sergey"]
[Result "0-1"]
[WhiteElo "2154"]
[BlackElo "2462"]
[PlyCount "105"]
[EventDate "2002.07.01"]

1. e4 c6 2. d4 d5 3. Nc3 dxe4 4. Nxe4 Bf5 5. Ng3 Bg6 6. Nf3 Nd7 7. Be2 e6 8.
O-O Ngf6 9. c4 h6 10. b3 Be7 11. Bb2 O-O 12. Bd3 Bxd3 13. Qxd3 Qc7 14. Rad1
Rad8 15. Qe2 Rfe8 16. Ne5 Bd6 17. f4 c5 18. dxc5 Bxc5+ 19. Kh1 Nxe5 20. fxe5
Rxd1 21. Rxd1 Nd7 22. Ne4 Be7 23. Nd6 Bxd6 24. exd6 Qc6 25. Qg4 e5 26. Qf5 Re6
27. Qd3 a6 28. h3 f6 29. Qd5 Qxd5 30. Rxd5 Kf7 31. c5 Re8 32. b4 Ke6 33. Rd2
Rc8 34. a4 a5 35. Ba3 axb4 36. Bxb4 Rc6 37. a5 f5 38. Kg1 e4 39. Kf2 Ne5 40.
Rd4 Kd7 41. Ke3 Nd3 42. Rc4 Nxb4 43. Rxb4 Rxc5 44. Rxb7+ Kxd6 45. Rxg7 Ke5 46.
Re7+ Kf6 47. Rb7 Rc2 48. Rb6+ Kg5 49. h4+ Kxh4 50. Rg6 Kh5 51. Rg8 Ra2 52. Kf4
Rxa5 53. Rg7 0-1

[Event "III Festival A"]
[Site "San Martino di Castrozza - Siror ITA"]
[Date "2002.07.03"]
[Round "3"]
[White "Guglielmone, Luciano"]
[Black "Esposito, Marco"]
[Result "0-1"]
[WhiteElo "1720"]
[BlackElo "1809"]
[PlyCount "52"]
[EventDate "2002.07.01"]

1. e4 c6 2. d4 d5 3. e5 Bf5 4. Nf3 e6 5. Be2 c5 6. O-O Nc6 7. c3 Qb6 8. a4 c4
9. Nbd2 Rc8 10. Nh4 Nge7 11. Bxc4 Nxd4 12. cxd4 dxc4 13. Nxf5 Nxf5 14. Nf3 Bb4
15. a5 Qb5 16. Bd2 Bxd2 17. Qxd2 O-O 18. Qc2 h6 19. g4 Qd5 20. Qc3 Ne7 21. Rfd1
Qe4 22. h3 Nd5 23. Qa3 c3 24. Ne1 c2 25. Rdc1 Nf4 26. f3 Qxd4+ 0-1

[Event "III Festival A"]
[Site "San Martino di Castrozza - Siror ITA"]
[Date "2002.07.03"]
[Round "3"]
[White "Guyer, Patrick"]
[Black "Affinito, Pancrazio"]
[Result "1/2-1/2"]
[WhiteElo "2122"]
[BlackElo "1794"]
[PlyCount "51"]
[EventDate "2002.07.01"]

1. e4 c5 2. Nc3 Nc6 3. g3 g6 4. Bg2 Bg7 5. d3 e6 6. Be3 d6 7. Qd2 Qa5 8. Nge2
Nd4 9. O-O Ne7 10. h4 Rb8 11. Qc1 Nec6 12. h5 O-O 13. a3 b5 14. Bh6 Qd8 15.
Bxg7 Kxg7 16. b4 Bd7 17. f4 f5 18. bxc5 dxc5 19. Qd2 a5 20. hxg6 hxg6 21. Nxd4
Nxd4 22. Ne2 Nxe2+ 23. Qxe2 Bc6 24. exf5 Qd4+ 25. Qf2 Bxg2 26. f6+ 1/2-1/2

[Event "III Festival A"]
[Site "San Martino di Castrozza - Siror ITA"]
[Date "2002.07.03"]
[Round "3"]
[White "Ivanov, Mikhail M."]
[Black "Belotti, Bruno"]
[Result "1-0"]
[WhiteElo "2489"]
[BlackElo "2430"]
[PlyCount "83"]
[EventDate "2002.07.01"]

1. Nf3 c5 2. c4 Nf6 3. Nc3 b6 4. e4 Bb7 5. Qe2 Nc6 6. d3 d6 7. g3 g6 8. Nd5 Nd7
9. h4 e6 10. Nc3 h6 11. Bg2 Bg7 12. O-O Nde5 13. Nh2 Nd4 14. Qd1 Qe7 15. a3
O-O-O 16. b4 f5 17. Rb1 g5 18. h5 g4 19. Nb5 Nxb5 20. cxb5 Kb8 21. a4 cxb4 22.
Bf4 Ka8 23. Be3 fxe4 24. dxe4 d5 25. exd5 Bxd5 26. Bxd5+ Rxd5 27. Qe2 Rf8 28.
a5 bxa5 29. Rfd1 Nf3+ 30. Nxf3 gxf3 31. Qc4 Qd7 32. Qe4 b3 33. Rxb3 Qb7 34.
Rbd3 Rxd3 35. Qxd3 a4 36. b6 Bb2 37. bxa7 a3 38. Qd8+ Qc8 39. Qb6 Bg7 40. Qb3
Rd8 41. Rxd8 Qxd8 42. Qxe6 1-0

[Event "III Festival A"]
[Site "San Martino di Castrozza - Siror ITA"]
[Date "2002.07.03"]
[Round "3"]
[White "Naumkin, Igor"]
[Black "Drasko, Milan"]
[Result "1/2-1/2"]
[WhiteElo "2436"]
[BlackElo "2502"]
[PlyCount "21"]
[EventDate "2002.07.01"]

1. d4 d5 2. c4 dxc4 3. e3 e6 4. Bxc4 a6 5. Nf3 c5 6. a4 Nf6 7. O-O Nc6 8. Qe2
Qc7 9. Nc3 Bd6 10. h3 O-O 11. Rd1 1/2-1/2

[Event "III Festival A"]
[Site "San Martino di Castrozza - Siror ITA"]
[Date "2002.07.03"]
[Round "3"]
[White "Rotstein, Arkadij"]
[Black "Pinotti, Claudio"]
[Result "1-0"]
[WhiteElo "2557"]
[BlackElo "2073"]
[PlyCount "69"]
[EventDate "2002.07.01"]

1. e4 d6 2. d4 Nf6 3. Nc3 c6 4. Bd3 e5 5. Nf3 Nbd7 6. O-O Be7 7. Ne2 O-O 8. Ng3
Re8 9. c3 Qc7 10. Re1 Nf8 11. Nf5 Bd8 12. dxe5 dxe5 13. Bc2 Ng6 14. Nd6 Re6 15.
Nxc8 Rxc8 16. Bb3 Rd6 17. Qe2 h6 18. a4 Nh7 19. Be3 Ng5 20. a5 Qb8 21. Red1 Nf4
22. Bxf4 Nxf3+ 23. Qxf3 exf4 24. Qh5 Rxd1+ 25. Rxd1 Rc7 26. e5 Re7 27. e6 fxe6
28. Qg6 Bxa5 29. Bxe6+ Kh8 30. Bf5 Kg8 31. Qh7+ Kf7 32. Bg6+ Kf6 33. Bc2 Kf7
34. Qf5+ Kg8 35. Qxa5 1-0

[Event "III Festival A"]
[Site "San Martino di Castrozza - Siror ITA"]
[Date "2002.07.03"]
[Round "3"]
[White "Ruzzier, Dario"]
[Black "Capata, Ion"]
[Result "0-1"]
[WhiteElo "2012"]
[BlackElo "2150"]
[PlyCount "62"]
[EventDate "2002.07.01"]

1. d4 d5 2. c4 e6 3. Nc3 Nf6 4. Bg5 Be7 5. e3 O-O 6. Nf3 b6 7. cxd5 exd5 8. Bd3
h6 9. Bh4 Bg4 10. Rc1 Nbd7 11. O-O c5 12. a3 c4 13. Bb1 Re8 14. Re1 Nf8 15. e4
Nxe4 16. Bxe7 Rxe7 17. Nxe4 dxe4 18. Bxe4 Rc8 19. Qd2 Rd7 20. Ne5 Rxd4 21. Qf4
Be6 22. Qf3 Qg5 23. Nc6 Rxe4 24. Qxe4 Rxc6 25. Rcd1 Rc5 26. Re3 Bd5 27. Rxd5
Qxd5 28. Qe7 Qd1+ 29. Re1 Qd2 30. g3 Qxb2 31. Qxa7 Rf5 0-1

[Event "III Festival A"]
[Site "San Martino di Castrozza - Siror ITA"]
[Date "2002.07.03"]
[Round "3"]
[White "Schiappacasse, Marcello"]
[Black "Morselli, Stefano"]
[Result "1-0"]
[WhiteElo "1761"]
[BlackElo "1798"]
[PlyCount "35"]
[EventDate "2002.07.01"]

1. e4 g6 2. d4 Bg7 3. c3 d6 4. f4 Nd7 5. Nf3 c5 6. Na3 cxd4 7. cxd4 e5 8. Nc4
Qe7 9. dxe5 dxe5 10. Nd6+ Kf8 11. Bc4 exf4 12. O-O Ne5 13. Nxe5 Bxe5 14. Bxf4
Bxf4 15. Rxf4 Nf6 16. Qd4 Kg7 17. Raf1 Bf5 18. Rxf5 1-0

[Event "III Festival A"]
[Site "San Martino di Castrozza - Siror ITA"]
[Date "2002.07.03"]
[Round "3"]
[White "Tamburini, Lorenzo"]
[Black "Kleinschroth, Roland"]
[Result "1-0"]
[WhiteElo "1768"]
[BlackElo "2158"]
[PlyCount "114"]
[EventDate "2002.07.01"]

1. e4 e5 2. Nf3 Nc6 3. Bb5 Bc5 4. O-O Nf6 5. Nxe5 Nxe5 6. d4 a6 7. dxe5 axb5 8.
exf6 Qxf6 9. Nc3 O-O 10. Qh5 d6 11. Nd5 Qd8 12. Bg5 f6 13. Be3 Bxe3 14. Nxe3 c6
15. Rfe1 Be6 16. a3 Ra4 17. f3 Qb6 18. Rad1 Rd4 19. Kh1 Rxd1 20. Nxd1 b4 21.
axb4 Qxb4 22. Qh4 Ra8 23. Qf2 Ra1 24. Qe3 Kf7 25. Rg1 Ke7 26. Qc3 Qxc3 27. Nxc3
Ra7 28. Rd1 b5 29. b4 Bc4 30. Rc1 Ke6 31. Kg1 Ke5 32. Nd1 Kd4 33. Kf2 Ra2 34.
Ke1 g6 35. g3 Be6 36. f4 Bg4 37. Nf2 Bf3 38. c3+ Ke3 39. Nd1+ Kd3 40. Nf2+ Kc4
41. e5 dxe5 42. fxe5 Re2+ 43. Kf1 Rxe5 44. Nh3 g5 45. Ng1 Bg4 46. Kf2 Kd3 47.
h3 Kd2 48. Ra1 Rf5+ 49. Kg2 Bd1 50. g4 Rf4 51. Ra7 Kxc3 52. Rd7 Rd4 53. Rc7 Rd6
54. Rxh7 Kxb4 55. Re7 c5 56. Nf3 Bxf3+ 57. Kxf3 c4 1-0

[Event "III Festival A"]
[Site "San Martino di Castrozza - Siror ITA"]
[Date "2002.07.03"]
[Round "3"]
[White "Voltolini, Giuseppe"]
[Black "Bondielli, Giorgio"]
[Result "1-0"]
[WhiteElo "2285"]
[BlackElo "2008"]
[PlyCount "99"]
[EventDate "2002.07.01"]

1. e4 e5 2. Nf3 Nf6 3. Nc3 Bb4 4. Nxe5 O-O 5. Nd3 Bxc3 6. dxc3 Nxe4 7. Be2 d6
8. O-O Be6 9. Nf4 Nc6 10. Bf3 Ng5 11. Bd5 Bxd5 12. Nxd5 Ne6 13. c4 Ne7 14. Re1
Qd7 15. Be3 Nf5 16. Qg4 Nxe3 17. Rxe3 f5 18. Qh5 c6 19. Rae1 Rae8 20. Nc3 Nc7
21. h3 Rxe3 22. Rxe3 Re8 23. Rd3 Re6 24. a3 Ne8 25. Kh2 g6 26. Qh4 Nf6 27. Qd4
Qc7 28. g3 Nd7 29. Re3 Rxe3 30. Qxe3 Nf8 31. Qxa7 Ne6 32. Qe3 Qf7 33. Kg2 f4
34. Qd3 fxg3 35. fxg3 Nc5 36. Qxd6 Qxc4 37. Qe5 Nd7 38. Qe8+ Nf8 39. Qe4 Qc5
40. Ne2 Qd6 41. Qd4 Qe7 42. Qc4+ Kg7 43. Nf4 Qe3 44. Qd3 Qe5 45. c3 Qe1 46. h4
Qc1 47. Qe2 Kg8 48. Nh3 Kg7 49. Ng5 Kg8 50. Qf2 1-0

[Event "III Festival A"]
[Site "San Martino di Castrozza - Siror ITA"]
[Date "2002.07.03"]
[Round "3"]
[White "Weinberg, Emanuele"]
[Black "Andreoli, Mark"]
[Result "0-1"]
[WhiteElo "1725"]
[BlackElo "2065"]
[PlyCount "102"]
[EventDate "2002.07.01"]

1. d4 c5 2. d5 f5 3. Nf3 Nf6 4. c4 g6 5. Nc3 Bg7 6. g3 O-O 7. Bg2 d6 8. O-O Na6
9. Nd2 Nc7 10. e4 fxe4 11. Ndxe4 Nxe4 12. Nxe4 b5 13. Bg5 Rb8 14. Re1 Rf7 15.
Nd2 bxc4 16. Nxc4 Nb5 17. Rc1 Nd4 18. b3 Ba6 19. Qd3 Qd7 20. Qe4 Bxc4 21. Rxc4
Rbf8 22. Be3 Qb5 23. f4 Qa5 24. Qb1 Nb5 25. Kh1 Na3 26. Ra4 Qxa4 27. bxa4 Nxb1
28. Rxb1 Bc3 29. Bh3 Rf6 30. Be6+ Rxe6 31. dxe6 Rf6 32. Rb3 Ba1 33. Rb1 Bd4 34.
Bxd4 cxd4 35. Rd1 Rxe6 36. Rxd4 Re1+ 37. Kg2 Re2+ 38. Kg1 Rxa2 39. h3 Kf7 40.
g4 Ke6 41. Re4+ Kd7 42. f5 a5 43. h4 gxf5 44. gxf5 Rb2 45. Kf1 Rb4 46. Rxb4
axb4 47. Ke2 Kc6 48. Kd3 Kc5 49. Kc2 Kc4 50. Kb2 d5 51. Kc2 d4 0-1

[Event "III Festival A"]
[Site "San Martino di Castrozza - Siror ITA"]
[Date "2002.07.04"]
[Round "4"]
[White "Belotti, Bruno"]
[Black "Giuriato, Sergio"]
[Result "1-0"]
[WhiteElo "2430"]
[BlackElo "1788"]
[PlyCount "39"]
[EventDate "2002.07.01"]

1. e4 Nc6 2. d4 d5 3. Nc3 dxe4 4. d5 Nb8 5. Bf4 a6 6. Bc4 Nf6 7. Qe2 b5 8. Bb3
c5 9. dxc6 Nxc6 10. Nxe4 Qd4 11. Nd6+ Kd7 12. Nxf7 Qxf4 13. Nxh8 Kc7 14. Nf7
Bb7 15. Nf3 e5 16. N7g5 Qg4 17. h3 Qb4+ 18. c3 Qe7 19. Ne6+ Kc8 20. O-O-O 1-0

[Event "III Festival A"]
[Site "San Martino di Castrozza - Siror ITA"]
[Date "2002.07.04"]
[Round "4"]
[White "Bondielli, Giorgio"]
[Black "Gosio, Denis"]
[Result "1/2-1/2"]
[WhiteElo "2008"]
[BlackElo "2154"]
[PlyCount "95"]
[EventDate "2002.07.01"]

1. e4 c5 2. d4 cxd4 3. c3 dxc3 4. Nxc3 Nc6 5. Nf3 e6 6. Bc4 a6 7. O-O Bc5 8. a3
Nge7 9. b4 Ba7 10. Bb2 O-O 11. e5 Ng6 12. Ne4 Bb8 13. Nd6 Qe7 14. Kh1 f5 15.
Qd3 b5 16. Ba2 h6 17. Rfd1 Bxd6 18. Qxd6 Qxd6 19. Rxd6 Nge7 20. Ne1 g5 21. Nd3
Kf7 22. Nc5 Ke8 23. Rad1 Ra7 24. R1d3 Rc7 25. Rh3 Rh8 26. Bc3 Ng6 27. Re3 h5
28. Bb1 Nge7 29. Ba2 Ng6 30. g3 Rh7 31. f3 Ke7 32. Bb1 Ngxe5 33. Rd1 Nc4 34.
Re2 Rf7 35. Ba2 Nb6 36. Bd2 g4 37. fxg4 hxg4 38. Bf4 Ra7 39. Be3 Rb7 40. Nxb7
Bxb7 41. Bxb6 Nd4+ 42. Rg2 Nf3 43. Bb1 Rh7 44. h4 gxh3 45. Rh2 Ne5+ 46. Kg1
Nf3+ 47. Kh1 Ne5+ 48. Kg1 1/2-1/2

[Event "III Festival A"]
[Site "San Martino di Castrozza - Siror ITA"]
[Date "2002.07.04"]
[Round "4"]
[White "Capata, Ion"]
[Black "Rotstein, Arkadij"]
[Result "0-1"]
[WhiteElo "2150"]
[BlackElo "2557"]
[PlyCount "86"]
[EventDate "2002.07.01"]

1. e4 c5 2. c3 Nf6 3. e5 Nd5 4. d4 cxd4 5. cxd4 d6 6. Nf3 Nc6 7. Bc4 Nb6 8. Bb3
dxe5 9. dxe5 Qxd1+ 10. Bxd1 g6 11. O-O Bg7 12. Re1 O-O 13. Na3 Bg4 14. Bf4 Rfd8
15. h3 Bf5 16. Rc1 Nb4 17. Be2 Nxa2 18. Rc7 Nd5 19. Rc4 Nab4 20. Rd1 Nxf4 21.
Rxf4 Rxd1+ 22. Bxd1 Nd3 23. Rc4 Nxe5 24. Rb4 Rd8 25. Be2 Nxf3+ 26. Bxf3 b6 27.
g4 Be6 28. Nb1 Rd4 29. Rxd4 Bxd4 30. b4 Bc4 31. Bc6 Bd3 32. Na3 a6 33. Ba4 Bc3
34. b5 a5 35. Nc2 e6 36. f3 Kf8 37. Kf2 Ke7 38. Ke3 Bf1 39. h4 Kd6 40. Kf2 Bc4
41. h5 gxh5 42. gxh5 Kc5 43. Ke3 Bxb5 0-1

[Event "III Festival A"]
[Site "San Martino di Castrozza - Siror ITA"]
[Date "2002.07.04"]
[Round "4"]
[White "Cattafi, Giuseppe"]
[Black "Aliferopulos, Andrea"]
[Result "1/2-1/2"]
[WhiteElo "1810"]
[BlackElo "1686"]
[PlyCount "32"]
[EventDate "2002.07.01"]

1. Nf3 a6 2. d4 b5 3. Bf4 Bb7 4. e3 e6 5. Bd3 c5 6. c3 d5 7. O-O Nf6 8. h3 Nbd7
9. Nbd2 Rc8 10. Ne5 Be7 11. Qe2 O-O 12. Bh2 a5 13. f4 Kh8 14. Ndf3 Kg8 15. Nxd7
Nxd7 16. Ne5 Nf6 1/2-1/2

[Event "III Festival A"]
[Site "San Martino di Castrozza - Siror ITA"]
[Date "2002.07.04"]
[Round "4"]
[White "Cavatorta, Fosco"]
[Black "Fragni, Enrico"]
[Result "1/2-1/2"]
[WhiteElo "1812"]
[BlackElo "1711"]
[PlyCount "64"]
[EventDate "2002.07.01"]

1. e4 d6 2. d4 c6 3. Nc3 Qc7 4. Nf3 Bg4 5. h3 Bh5 6. Bg5 Nd7 7. Qd2 Ngf6 8. Bd3
e5 9. g4 Bg6 10. O-O-O Be7 11. h4 h6 12. Bxf6 gxf6 13. h5 Bh7 14. Kb1 O-O-O 15.
Bc4 Bxe4 16. Nxe4 d5 17. Bd3 dxe4 18. Bxe4 exd4 19. Nxd4 Nc5 20. Bf5+ Kb8 21.
Qc3 Qb6 22. Nb3 Nxb3 23. Qxb3 Qxb3 24. axb3 Bd6 25. Rd3 Be5 26. Rhd1 Rxd3 27.
Rxd3 Kc7 28. Rd7+ Kb6 29. f3 Bf4 30. Rxf7 Bg5 31. Ka2 Re8 32. Bd7 Rd8 1/2-1/2

[Event "III Festival A"]
[Site "San Martino di Castrozza - Siror ITA"]
[Date "2002.07.04"]
[Round "4"]
[White "D'Ettorre, Ireneo"]
[Black "Ruzzier, Dario"]
[Result "1/2-1/2"]
[WhiteElo "1747"]
[BlackElo "2012"]
[PlyCount "39"]
[EventDate "2002.07.01"]

1. c4 e6 2. Nf3 d5 3. d4 Nf6 4. Bg5 Be7 5. e3 O-O 6. Bd3 h6 7. Bh4 b6 8. O-O
dxc4 9. Bxc4 Bb7 10. Nc3 Nbd7 11. Qe2 a6 12. a4 c5 13. Rfd1 cxd4 14. Nxd4 Ne4
15. Bg3 Nxg3 16. hxg3 Kh8 17. Bxe6 fxe6 18. Nxe6 Qc8 19. Nxf8 Nxf8 20. Rac1
1/2-1/2

[Event "III Festival A"]
[Site "San Martino di Castrozza - Siror ITA"]
[Date "2002.07.04"]
[Round "4"]
[White "Dal Zovo, Claudio"]
[Black "Guglielmone, Luciano"]
[Result "1-0"]
[WhiteElo "1732"]
[BlackElo "1720"]
[PlyCount "63"]
[EventDate "2002.07.01"]

1. d4 e6 2. Nf3 f5 3. e3 Nf6 4. Bd3 Be7 5. b3 O-O 6. O-O Qe8 7. c4 Ne4 8. Bb2
d5 9. Ne5 Nd7 10. f3 Nef6 11. Nd2 Qh5 12. e4 Nxe5 13. dxe5 Bc5+ 14. Kh1 Nd7 15.
exd5 exd5 16. cxd5 Be3 17. f4 Qh6 18. g3 b6 19. Be2 g5 20. fxg5 Bxg5 21. Nf3 f4
22. g4 Nc5 23. Nxg5 Qxg5 24. Bf3 Rb8 25. Qd4 Kg7 26. Rae1 Ba6 27. Be2 Bxe2 28.
Rxe2 f3 29. Ref2 Rf4 30. Qe3 Kg6 31. Bc1 Rxg4 32. Qxf3 1-0

[Event "III Festival A"]
[Site "San Martino di Castrozza - Siror ITA"]
[Date "2002.07.04"]
[Round "4"]
[White "Dallaglio, Giovanni"]
[Black "Ammendolea, Massimo"]
[Result "1-0"]
[WhiteElo "2051"]
[BlackElo "1702"]
[PlyCount "58"]
[EventDate "2002.07.01"]

1. d4 c5 2. e3 e6 3. c4 Nf6 4. Nf3 b6 5. Bd3 Bb7 6. Nc3 Nc6 7. O-O Rc8 8. b3
Be7 9. Bb2 O-O 10. Qe2 cxd4 11. exd4 Nb4 12. Bb1 d5 13. a3 Na6 14. Rd1 dxc4 15.
bxc4 Qc7 16. Ba2 Bd6 17. g3 Qb8 18. Ne5 Qa8 19. Rd3 Bxe5 20. dxe5 Ne8 21. Rad1
Nc5 22. Re3 g6 23. Bb1 Ng7 24. Ne4 Nf5 25. Nf6+ Kg7 26. Bc1 Nxe3 27. Qxe3 g5
28. Qxg5+ Kh8 29. Qh6 Be4 1-0

[Event "III Festival A"]
[Site "San Martino di Castrozza - Siror ITA"]
[Date "2002.07.04"]
[Round "4"]
[White "Drasko, Milan"]
[Black "Voltolini, Giuseppe"]
[Result "1-0"]
[WhiteElo "2502"]
[BlackElo "2285"]
[PlyCount "49"]
[EventDate "2002.07.01"]

1. d4 d5 2. c4 c6 3. e3 Nf6 4. Nc3 e6 5. Nf3 Nbd7 6. Qc2 Bd6 7. b3 O-O 8. Be2
b6 9. O-O Bb7 10. Bb2 c5 11. cxd5 cxd4 12. Nb5 d3 13. Bxd3 Nc5 14. Bxf6 gxf6
15. Bxh7+ Kg7 16. Rad1 exd5 17. Nxd6 Qxd6 18. Bf5 Qe7 19. Rd4 Rh8 20. h3 Ne6
21. Rg4+ Kf8 22. Rc1 Rh5 23. Bxe6 fxe6 24. Qg6 Rh8 25. Rc7 1-0

[Event "III Festival A"]
[Site "San Martino di Castrozza - Siror ITA"]
[Date "2002.07.04"]
[Round "4"]
[White "Esposito, Marco"]
[Black "Affinito, Pancrazio"]
[Result "0-1"]
[WhiteElo "1809"]
[BlackElo "1794"]
[PlyCount "72"]
[EventDate "2002.07.01"]

1. Nf3 Nf6 2. c4 c5 3. d4 cxd4 4. Nxd4 b6 5. Nc3 Bb7 6. Bg5 e6 7. Ndb5 d6 8. e4
Be7 9. e5 dxe5 10. Qxd8+ Kxd8 11. O-O-O+ Nbd7 12. Nd6 Bxd6 13. Rxd6 Ke7 14. Rd2
h6 15. Bh4 a6 16. f3 g5 17. Bf2 e4 18. Be2 exf3 19. Bxf3 Bxf3 20. gxf3 Rhd8 21.
Re1 Kf8 22. Red1 Ke7 23. b4 Rdc8 24. Bxb6 Nxb6 25. c5 Nbd5 26. Nxd5+ Nxd5 27.
a3 a5 28. Re1 Kf6 29. Re4 axb4 30. axb4 Rab8 31. Rb2 Rb5 32. Kd2 Rcb8 33. c6
Ke7 34. Rd4 Rxb4 35. c7 Rxb2+ 36. Kd3 R8b3+ 0-1

[Event "III Festival A"]
[Site "San Martino di Castrozza - Siror ITA"]
[Date "2002.07.04"]
[Round "4"]
[White "Kasparov, Sergey"]
[Black "Ivanov, Mikhail M."]
[Result "1/2-1/2"]
[WhiteElo "2462"]
[BlackElo "2489"]
[PlyCount "106"]
[EventDate "2002.07.01"]

1. d4 Nf6 2. c4 g6 3. Nc3 Bg7 4. e4 d6 5. f3 O-O 6. Be3 a6 7. Bd3 Nfd7 8. Nge2
c5 9. d5 Ne5 10. O-O b5 11. cxb5 Nxd3 12. Qxd3 axb5 13. Qxb5 Ba6 14. Qa4 Nd7
15. Qc2 Qa5 16. Rf2 Rfb8 17. Rd1 Ne5 18. h3 Nc4 19. Bc1 Rxb2 20. Bxb2 Ne3 21.
Qd2 Nxd1 22. Qxd1 Bxe2 23. Rxe2 Bxc3 24. Bxc3 Qxc3 25. Qb1 Qd4+ 26. Kh2 Qe5+
27. Kh1 h5 28. Qb3 h4 29. Re1 Qd4 30. Qb7 Rxa2 31. Qxe7 Qd2 32. Rg1 Qf4 33. Qd7
Kg7 34. Qb5 Rc2 35. Qb3 Qd2 36. Qb6 Qf4 37. Qb3 Rd2 38. Qc3+ Kh7 39. Rb1 Rd4
40. Qa1 Qd2 41. Qa7 Kg7 42. Qc7 Qf4 43. Qb6 g5 44. Re1 Rb4 45. Qa5 Qd2 46. Qa1+
Rb2 47. Rg1 Qd4 48. Qa6 Qe5 49. Qa4 Rb4 50. Qa8 Qf4 51. Qa1+ Qf6 52. Qa5 Rd4
53. Qc7 Qe5 1/2-1/2

[Event "III Festival A"]
[Site "San Martino di Castrozza - Siror ITA"]
[Date "2002.07.04"]
[Round "4"]
[White "Kleinschroth, Roland"]
[Black "Naumkin, Igor"]
[Result "0-1"]
[WhiteElo "2158"]
[BlackElo "2436"]
[PlyCount "104"]
[EventDate "2002.07.01"]

1. e4 e5 2. d4 exd4 3. Qxd4 Nc6 4. Qe3 Nf6 5. Bd2 b6 6. Nc3 Bc5 7. Qg3 O-O 8.
O-O-O Re8 9. Nh3 Bb7 10. Bg5 Be7 11. e5 Nh5 12. Qh4 Bxg5+ 13. Nxg5 h6 14. Qxh5
Qxg5+ 15. Qxg5 hxg5 16. Rxd7 Rac8 17. Bb5 Nxe5 18. Rxc7 Rxc7 19. Bxe8 Re7 20.
Bb5 Bxg2 21. Rd1 Ng4 22. Rd8+ Kh7 23. Bd3+ g6 24. Nd5 Bxd5 25. Rxd5 Nxh2 26. c4
Ng4 27. f3 Ne5 28. Be2 Nd7 29. Kd2 Kh6 30. b4 Nf6 31. Rd4 Kg7 32. a4 Rc7 33.
Rd8 Nd7 34. Kc3 Ne5 35. Re8 Kf6 36. Kd4 Rd7+ 37. Kc3 Rc7 38. Kd4 Nc6+ 39. Kc3
Kf5 40. Re4 Ne5 41. Rd4 Ke6 42. Rd8 f5 43. Re8+ Kf6 44. Rf8+ Ke7 45. Rg8 g4 46.
fxg4 fxg4 47. Rg7+ Kd6 48. c5+ bxc5 49. bxc5+ Rxc5+ 50. Kb3 g3 51. Bf1 Rc7 52.
Rg8 Rf7 0-1

[Event "III Festival A"]
[Site "San Martino di Castrozza - Siror ITA"]
[Date "2002.07.04"]
[Round "4"]
[White "Lotti, Fabio"]
[Black "Weinberg, Emanuele"]
[Result "1-0"]
[WhiteElo "2045"]
[BlackElo "1725"]
[PlyCount "85"]
[EventDate "2002.07.01"]

1. d4 Nf6 2. Bg5 Ne4 3. Bf4 d5 4. e3 Bf5 5. g4 Bg6 6. h4 h5 7. g5 e6 8. Nf3 Nd7
9. Bb5 c6 10. Bd3 Qb6 11. Nbd2 Nxd2 12. Qxd2 Bxd3 13. Qxd3 g6 14. Ne5 Nxe5 15.
Bxe5 Rg8 16. O-O-O c5 17. Qb3 c4 18. Qa4+ Qc6 19. Qxc6+ bxc6 20. Kd2 Kd7 21. b3
cxb3 22. axb3 Bb4+ 23. Kd3 Rgc8 24. Ra1 Bd6 25. Bxd6 Kxd6 26. Ra6 Kc7 27. Rha1
Kb7 28. b4 Rc7 29. Ke2 Kc8 30. Kf3 Kd7 31. Kf4 Kc8 32. Ke5 Kb7 33. Kd6 Rcc8 34.
Kc5 Rc7 35. c4 Rcc8 36. cxd5 cxd5+ 37. Kd6 Rc2 38. f4 Rc3 39. Ke7 Rc7+ 40. Kf6
Rac8 41. Rxa7+ Kb6 42. Rxc7 Rxc7 43. Ra8 1-0

[Event "III Festival A"]
[Site "San Martino di Castrozza - Siror ITA"]
[Date "2002.07.04"]
[Round "4"]
[White "Marciello, Armando"]
[Black "Contin, Daniel"]
[Result "0-1"]
[WhiteElo "1863"]
[BlackElo "2334"]
[PlyCount "128"]
[EventDate "2002.07.01"]

1. d4 Nf6 2. Bf4 g6 3. e3 Bg7 4. Nf3 c5 5. c3 b6 6. Nbd2 Bb7 7. h3 O-O 8. Be2
d6 9. O-O Nbd7 10. Re1 a6 11. a4 Qc7 12. Bh2 Bc6 13. Bd3 e5 14. e4 Nh5 15. d5
Bb7 16. c4 Nf4 17. Bf1 Rae8 18. Qc2 Bc8 19. g3 Nh5 20. Bg2 Bh6 21. Nf1 f5 22.
exf5 gxf5 23. Ne3 e4 24. Nh4 Ne5 25. Nexf5 Rxf5 26. Nxf5 Bxf5 27. g4 Qg7 28.
gxf5 Nf3+ 29. Kh1 Nxe1 30. Rxe1 e3 31. Bf3 Qf7 32. Rg1+ Ng7 33. fxe3 Bxe3 34.
Rg4 Qf6 35. Bg3 Bg5 36. h4 Bh6 37. Qc3 Qxc3 38. bxc3 Kf7 39. Bxd6 Nxf5 40. Bf4
Re1+ 41. Kh2 Bf8 42. Bc7 Bd6+ 43. Bxd6 Nxd6 44. Rf4+ Ke7 45. Rg4 Kf6 46. h5 Re3
47. Kg2 Rxc3 48. h6 Rc2+ 49. Kh3 Rxc4 50. Rg7 Rc3 51. Kg4 Nf7 52. Kf4 Rc4+ 53.
Kg3 Rxa4 54. Rxh7 Ra3 55. Kg2 Ra2+ 56. Kg3 Rd2 57. Bh5 Nd6 58. Bf3 Nf5+ 59. Kg4
Rd4+ 60. Kh3 Rh4+ 61. Kg2 Rxh6 62. Ra7 Ke5 63. Rxa6 Nh4+ 64. Kg3 Nxf3 0-1

[Event "III Festival A"]
[Site "San Martino di Castrozza - Siror ITA"]
[Date "2002.07.04"]
[Round "4"]
[White "Mayer, Frank"]
[Black "Schiappacasse, Marcello"]
[Result "1-0"]
[WhiteElo "2288"]
[BlackElo "1761"]
[PlyCount "49"]
[EventDate "2002.07.01"]

1. e4 c5 2. f4 e6 3. Nc3 Nc6 4. Nf3 a6 5. a4 Qc7 6. g3 d6 7. Bg2 Nge7 8. O-O g6
9. Kh1 Bg7 10. Ne2 O-O 11. c3 Bd7 12. d4 cxd4 13. Nexd4 d5 14. e5 f6 15. exf6
Bxf6 16. Re1 Nxd4 17. Nxd4 e5 18. fxe5 Bxe5 19. Bf4 Bxf4 20. Rxe7 Bd6 21. Bxd5+
Kh8 22. Ne6 Bxe6 23. Rxc7 Bxd5+ 24. Qxd5 Bxc7 25. Qxb7 1-0